000
00300nam a2200121Ia 4500
008
191201s2006 xx 000 0 und d
100
_a
KUMAR, R
245
0
_a
Brilliant Mathematics Series Real Analysis
260
_a
N. Delhi
_b
Vardhman Pub
_c
2006
300
_a
MISC
650
_a
Applied
942
_2
ddc
_c
BK
999
_c
79
_d
79